000 00632cam a22002291 4500
001 sa 65004878
003 DLC
005 20260227112133.0
008 890706s1963 ii 000 0 gujo
010 _asa 65004878
035 _a(OCoLC)19973593
040 _aDLC
_cWaU
_dDLC
042 _apremarc
050 0 0 _aLC191
_b.S16
100 1 _aŚāha, Śāntilāla Hīrālāla.
245 1 0 _aSamājaśikshaṇa.
260 _c[1963]
300 _a6, 169 p.
_c19 cm.
410 2 0 _aMaharaja Sayajirao University of Baroda.
_tŚrī Sayājī grāmavikāsamāḷā,
_v29
500 _aIn Gujarati.
650 0 _aEducational sociology.
999 _c63981
_d63981